[Event "23rd Hogeschool Zeeland Open 2019"]
[Site "Vlissingen"]
[Date "2019.08.05"]
[Round "4.10"]
[White "Sparenberg, Erik"]
[Black "Baarslag, Ed"]
[Result "1/2-1/2"]
[WhiteElo "2146"]
[BlackElo "2220"]
[Annotator "ChessBase"]
[PlyCount "116"]
[EventDate "2019.08.03"]
[EventType "swiss"]
[EventCountry "NED"]
[SourceTitle "playchess.com"]
[Source "ChessBase"]
[SourceQuality "1"]
[TimeControl "40/5400+30:1800+30"]

1. d4 {[%emt 0:00:09]} d5 {[%emt 0:00:00]} 2. c4 {[%emt 0:00:03]} e6 {[%emt 0:00:10]} 3. Nf3 {[%emt 0:00:09]} Nf6 {[%emt 0:00:20]} 4. g3 {[%emt 0:00:24]} dxc4 {[%emt 0:00:53]} 5. Bg2 {[%emt 0:00:25]} a6 {[%emt 0:00:56]} 6. O-O {[%emt 0:09:17]} c5 {[%emt 0:07:10]} 7. dxc5 {[%emt 0:00:53]} Qxd1 {[%emt 0:01:22]} 8. Rxd1 {[%emt 0:00:10]} Bxc5 {[%emt 0:00:39]} 9. Ne5 {[%emt 0:02:58]} Ra7 {[%emt 0:17:34]} 10. Nxc4 {[%emt 0:00:58]} b5 {[%emt 0:03:08]} 11. Bf4 {[%emt 0:20:37]} Nfd7 {[%emt 0:07:15]} 12. Nd6+ {[%emt 0:11:42]} Ke7 {[%emt 0:01:29]} 13. Ne4 {[%emt 0:04:15]} Bb6 {[%emt 0:03:02]} 14. Bd6+ {[%emt 0:02:33]} Ke8 {[%emt 0:00:57]} 15. Nbc3 {[%emt 0:05:44]} Bc7 {[%emt 0:08:44]} 16. Rac1 {[%emt 0:04:29]} f5 {[%emt 0:07:51]} 17. Bxc7 {[%emt 0:15:09]} Rxc7 {[%emt 0:00:40]} 18. Nxb5 {[%emt 0:06:48]} Rxc1 {[%emt 0:06:05]} 19. Rxc1 {[%emt 0:00:15]} Nb6 {[%emt 0:00:47]} 20. Ned6+ {[%emt 0:04:20]} Ke7 {[%emt 0:00:32]} 21. Nxc8+ {[%emt 0:00:57]} Rxc8 {[%emt 0:00:49]} 22. Rxc8 {[%emt 0:00:29]} Nxc8 {[%emt 0:00:07]} 23. Nc3 {[%emt 0:02:10]} Nb6 {[%emt 0:00:40]} 24. e3 {[%emt 0:02:57]} Kd6 {[%emt 0:02:05]} 25. Kf1 {[%emt 0:00:37]} Kc5 {[%emt 0:01:55]} 26. Ke2 {[%emt 0:01:12]} Nc4 {[%emt 0:02:32]} 27. Nd1 {[%emt 0:00:37]} Nd7 {[%emt 0:00:32]} 28. f4 {[%emt 0:00:57]} e5 {[%emt 0:00:33]} 29. e4 {[%emt 0:01:36]} exf4 {[%emt 0:10:52]} 30. gxf4 {[%emt 0:00:10]} fxe4 {[%emt 0:00:34]} 31. Bxe4 {[%emt 0:00:06]} Nf6 {[%emt 0:00:17]} 32. Bd3 {[%emt 0:00:26]} a5 {[%emt 0:00:51]} 33. Bxc4 {[%emt 0:00:27]} Kxc4 {[%emt 0:00:04]} 34. Ne3+ {[%emt 0:00:50]} Kd4 {[%emt 0:01:35]} 35. Nf5+ {[%emt 0:01:15]} Ke4 {[%emt 0:00:08]} 36. Nxg7 {[%emt 0:00:05]} Kxf4 {[%emt 0:00:25]} 37. b3 {[%emt 0:01:40]} Ng4 {[%emt 0:00:41]} 38. h3 {[%emt 0:00:06]} Ne5 {[%emt 0:00:02]} 39. a3 {[%emt 0:00:59]} Kg3 {[%emt 0:00:52]} 40. Ne6 {[%emt 0:00:17]} h5 {[%emt 0:00:59]} 41. Ke3 {[%emt 0:30:44]} Kxh3 {[%emt 0:43:08]} 42. Nf4+ {[%emt 0:00:00]} Kg4 {[%emt 0:00:00]} 43. Nxh5 {[%emt 0:00:00]} Kxh5 {[%emt 0:00:00]} 44. Ke4 {[%emt 0:00:00]} Ng4 {[%emt 0:00:00]} 45. Kd4 {[%emt 0:00:00]} Kg5 {[%emt 0:00:00]} 46. Kc5 {[%emt 0:00:00]} Ne3 {[%emt 0:00:00]} 47. Kb5 {[%emt 0:00:00]} Nc2 {[%emt 0:00:00]} 48. a4 {[%emt 0:00:00]} Nd4+ {[%emt 0:00:00]} 49. Kxa5 {[%emt 0:00:00]} Nxb3+ {[%emt 0:00:00]} 50. Kb4 {[%emt 0:00:00]} Nd4 {[%emt 0:00:00]} 51. Kc4 {[%emt 0:00:00]} Nf5 {[%emt 0:00:00]} 52. a5 {[%emt 0:00:00]} Ne7 {[%emt 0:00:00]} 53. a6 {[%emt 0:00:00]} Nc8 {[%emt 0:00:00]} 54. Kc5 {[%emt 0:00:00]} Kf6 {[%emt 0:00:00]} 55. Kc6 {[%emt 0:00:00]} Ke7 {[%emt 0:00:00]} 56. Kc7 {[%emt 0:00:00]} Na7 {[%emt 0:00:00]} 57. Kb7 {[%emt 0:00:00]} Kd7 {[%emt 0:00:00]} 58. Kxa7 {[%emt 0:00:00]} Kc7 {[%emt 0:00:00]} 1/2-1/2

[Event "23rd Hogeschool Zeeland Open 2019"]
[Site "Vlissingen"]
[Date "2019.08.05"]
[Round "4.11"]
[White "Elgersma, Simon"]
[Black "Van Baar, Esper"]
[Result "0-1"]
[WhiteElo "2130"]
[BlackElo "2108"]
[Annotator "ChessBase"]
[PlyCount "82"]
[EventDate "2019.08.03"]
[EventType "swiss"]
[EventCountry "NED"]
[SourceTitle "playchess.com"]
[Source "ChessBase"]
[SourceQuality "1"]
[TimeControl "40/5400+30:1800+30"]

1. e4 {[%emt 0:00:00]} c5 {[%emt 0:00:00]} 2. Nf3 {[%emt 0:00:00]} d6 {[%emt 0:00:26]} 3. d4 {[%emt 0:00:18]} cxd4 {[%emt 0:00:03]} 4. Nxd4 {[%emt 0:00:07]} Nf6 {[%emt 0:00:03]} 5. Nc3 {[%emt 0:00:07]} a6 {[%emt 0:00:04]} 6. g3 {[%emt 0:00:05]} e5 {[%emt 0:00:08]} 7. Nde2 {[%emt 0:00:26]} Be7 {[%emt 0:01:36]} 8. Bg2 {[%emt 0:00:20]} O-O {[%emt 0:00:57]} 9. O-O {[%emt 0:00:25]} b5 {[%emt 0:01:51]} 10. h3 {[%emt 0:03:58]} Bb7 {[%emt 0:04:00]} 11. g4 {[%emt 0:02:08]} b4 {[%emt 0:02:59]} 12. Nd5 {[%emt 0:00:25]} Nxd5 {[%emt 0:00:20]} 13. exd5 {[%emt 0:00:13]} Bc8 {[%emt 0:04:52]} 14. Bd2 {[%emt 0:14:49]} g6 {[%emt 0:10:13]} 15. Bxb4 {[%emt 0:11:30]} f5 {[%emt 0:00:10]} 16. Ng3 {[%emt 0:06:48]} Bh4 {[%emt 0:08:19]} 17. Kh1 {[%emt 0:08:26]} fxg4 {[%emt 0:04:49]} 18. Ne4 {[%emt 0:06:32]} gxh3 {[%emt 0:03:07]} 19. Bf3 {[%emt 0:00:13]} Be7 {[%emt 0:04:24]} 20. c4 {[%emt 0:01:55]} a5 {[%emt 0:03:59]} 21. Ba3 {[%emt 0:08:07]} Na6 {[%emt 0:18:44]} 22. c5 {[%emt 0:03:50]} Nb4 {[%emt 0:01:03]} 23. Bxb4 {[%emt 0:02:33]} axb4 {[%emt 0:00:04]} 24. cxd6 {[%emt 0:11:47]} Bxd6 {[%emt 0:00:22]} 25. Rc1 {[%emt 0:00:10]} Bb7 {[%emt 0:05:59]} 26. Bg4 {[%emt 0:01:11]} Rf4 {[%emt 0:01:36]} 27. Be6+ {[%emt 0:01:23]} Kh8 {[%emt 0:01:38]} 28. f3 {[%emt 0:00:49]} Bf8 {[%emt 0:08:33]} 29. Rf2 {[%emt 0:03:58]} Qb6 {[%emt 0:04:59]} 30. Qe1 {[%emt 0:02:52]} Rd8 {[%emt 0:00:35]} 31. Nc5 {[%emt 0:01:13]} Bg7 {[%emt 0:01:41]} 32. Nxb7 {[%emt 0:02:15]} Qxb7 {[%emt 0:00:20]} 33. Rfc2 {[%emt 0:01:19]} Rxf3 {[%emt 0:02:53]} 34. Rc7 {[%emt 0:04:58]} Qb6 {[%emt 0:01:43]} 35. Bg4 {[%emt 0:01:30]} Qf2 {[%emt 0:03:34]} 36. Qxf2 {[%emt 0:00:05]} Rxf2 {[%emt 0:00:03]} 37. Re7 {[%emt 0:00:38]} Rxd5 {[%emt 0:01:27]} 38. Rcc7 {[%emt 0:00:14]} Rdd2 {[%emt 0:00:12]} 39. Re8+ {[%emt 0:01:18]} Bf8 {[%emt 0:00:27]} 40. Kg1 {[%emt 0:00:34]} h2+ {[%emt 0:00:29]} 41. Kh1 {[%emt 0:30:04]} Rf1# {[%emt 0:31:48]} 0-1

[Event "23rd Hogeschool Zeeland Open 2019"]
[Site "Vlissingen"]
[Date "2019.08.05"]
[Round "4.12"]
[White "De Wilde, Rik"]
[Black "Van Liempt, Michael"]
[Result "1/2-1/2"]
[WhiteElo "2169"]
[BlackElo "2091"]
[Annotator "NA"]
[PlyCount "38"]
[EventDate "2019.08.03"]
[EventType "swiss"]
[EventCountry "NED"]
[SourceTitle "playchess.com"]
[Source "ChessBase"]
[SourceQuality "1"]
[TimeControl "40/5400+30:1800+30"]

1. e4 {[%emt 0:00:00]} c5 {[%emt 0:00:00]} 2. Nf3 {[%emt 0:00:00]} Nc6 {[%emt 0:00:21]} 3. d4 {[%emt 0:00:10]} cxd4 {[%emt 0:00:12]} 4. Nxd4 {[%emt 0:00:07]} g6 {[%emt 0:00:19]} 5. Nc3 {[%emt 0:02:48]} Bg7 {[%emt 0:00:30]} 6. Nb3 {[%emt 0:02:28]} Nf6 {[%emt 0:01:12]} 7. Be2 {[%emt 0:04:18]} d6 {[%emt 0:03:26]} 8. O-O {[%emt 0:01:42]} O-O {[%emt 0:03:04]} 9. Bg5 {[%emt 0:01:21]} a5 {[%emt 0:05:57]} 10. a4 {[%emt 0:01:09]} Be6 {[%emt 0:01:59]} 11. f4 {[%emt 0:03:55]} Nd7 {[%emt 0:15:14]} 12. f5 {[%emt 0:10:44]} Bxb3 {[%emt 0:04:20]} 13. cxb3 {[%emt 0:00:08]} Nb4 {[%emt 0:09:05]} 14. Nd5 {[%emt 0:15:19]} Nxd5 {[%emt 0:03:13]} 15. Qxd5 {[%emt 0:00:20]} Nf6 {[%emt 0:05:22]} 16. Qd3 {[%emt 0:07:31]} Rc8 {[%emt 0:05:59]} 17. Rad1 {[%emt 0:04:53]} Qb6+ {[%emt 0:01:34]} 18. Be3 {[%emt 0:01:03]} Qc6 {[%emt 0:00:40]} 19. Bf3 {[%emt 0:01:40]} Qc2 {[%emt 0:00:50]} 1/2-1/2

[Event "23rd Hogeschool Zeeland Open 2019"]
[Site "Vlissingen"]
[Date "2019.08.05"]
[Round "4.13"]
[White "Timmermans, Ivo"]
[Black "Hoffman, Ron"]
[Result "1-0"]
[WhiteElo "2168"]
[BlackElo "2011"]
[Annotator "ChessBase"]
[PlyCount "75"]
[EventDate "2019.08.03"]
[EventType "swiss"]
[EventCountry "NED"]
[SourceTitle "playchess.com"]
[Source "ChessBase"]
[SourceQuality "1"]
[TimeControl "40/5400+30:1800+30"]

1. e4 {[%emt 0:00:00]} Nf6 {[%emt 0:00:00]} 2. e5 {[%emt 0:00:10]} Nd5 {[%emt 0:00:00]} 3. d4 {[%emt 0:00:57]} d6 {[%emt 0:00:02]} 4. Nf3 {[%emt 0:01:18]} g6 {[%emt 0:00:07]} 5. Bc4 {[%emt 0:00:33]} Nb6 {[%emt 0:00:06]} 6. Bb3 {[%emt 0:00:22]} Bg7 {[%emt 0:00:07]} 7. Ng5 {[%emt 0:05:17]} e6 {[%emt 0:00:10]} 8. f4 {[%emt 0:02:40]} dxe5 {[%emt 0:00:53]} 9. fxe5 {[%emt 0:00:35]} O-O {[%emt 0:01:46]} 10. O-O {[%emt 0:02:05]} c5 {[%emt 0:00:42]} 11. c3 {[%emt 0:00:30]} cxd4 {[%emt 0:00:07]} 12. cxd4 {[%emt 0:00:08]} Nc6 {[%emt 0:00:29]} 13. Nf3 {[%emt 0:01:53]} f6 {[%emt 0:00:31]} 14. exf6 {[%emt 0:02:50]} Qxf6 {[%emt 0:00:04]} 15. Be3 {[%emt 0:02:15]} Nd5 {[%emt 0:00:15]} 16. Bf2 {[%emt 0:00:26]} Nf4 {[%emt 0:00:29]} 17. Nc3 {[%emt 0:13:57]} Nh3+ {[%emt 0:00:21]} 18. gxh3 {[%emt 0:00:08]} Qxf3 {[%emt 0:00:08]} 19. Qxf3 {[%emt 0:00:25]} Rxf3 {[%emt 0:00:02]} 20. Kg2 {[%emt 0:02:03]} Rf5 {[%emt 0:22:37]} 21. Rfd1 {[%emt 0:06:59]} Bd7 {[%emt 0:10:52]} 22. d5 {[%emt 0:13:20]} Na5 {[%emt 0:12:49]} 23. Bc2 {[%emt 0:08:30]} Rg5+ {[%emt 0:02:41]} 24. Bg3 {[%emt 0:02:37]} exd5 {[%emt 0:07:02]} 25. h4 {[%emt 0:03:33]} Rg4 {[%emt 0:03:47]} 26. Nxd5 {[%emt 0:03:09]} Rd4 {[%emt 0:21:39]} 27. Rxd4 {[%emt 0:00:44]} Bxd4 {[%emt 0:00:02]} 28. Rd1 {[%emt 0:00:25]} Nc6 {[%emt 0:02:56]} 29. Bb3 {[%emt 0:02:51]} Be6 {[%emt 0:03:23]} 30. Ne7+ {[%emt 0:03:00]} Kf7 {[%emt 0:00:15]} 31. Nxc6 {[%emt 0:01:17]} Bxb3 {[%emt 0:02:56]} 32. Rxd4 {[%emt 0:00:17]} Bxa2 {[%emt 0:00:57]} 33. Nd8+ {[%emt 0:04:44]} Ke7 {[%emt 0:00:46]} 34. Nxb7 {[%emt 0:00:54]} Rc8 {[%emt 0:00:27]} 35. b4 {[%emt 0:01:12]} Rc3 {[%emt 0:04:23]} 36. Nc5 {[%emt 0:01:23]} a5 {[%emt 0:00:39]} 37. bxa5 {[%emt 0:00:43]} Kf6 {[%emt 0:00:28]} 38. Ne4+ {[%emt 0:00:21]} 1-0

[Event "23rd Hogeschool Zeeland Open 2019"]
[Site "Vlissingen"]
[Date "2019.08.05"]
[Round "4.14"]
[White "Volkers, Annemarie"]
[Black "Grooten, Herman"]
[Result "1/2-1/2"]
[WhiteElo "1966"]
[BlackElo "2310"]
[Annotator "TA"]
[PlyCount "108"]
[EventDate "2019.08.03"]
[EventType "swiss"]
[EventCountry "NED"]
[SourceTitle "playchess.com"]
[Source "ChessBase"]
[SourceQuality "1"]

{[%evp 14,108,47,26,74,71,69,74,218,213,220,220,220,216,220,213,369,375,360,362,331,270,270,281,275,269,272,270,288,292,289,295,306,274,308,301,339,343,389,389,389,389,392,393,414,389,389,397,414,414,414,381,377,0,407,411,407,377,404,403,402,394,437,414,435,414,414,0,447,402,447,424,407,424,406,0,513,487,500,477,470,424,424,424,378,0,0,0,0,0,0,0,0,0,0,0,0]} 1. e4 c5 2. Nf3 e6 3. d4 cxd4 4. Nxd4 a6 5. c4 Nf6 6. Nc3 Qc7 7. Be2 Bb4 8. Qd3 b6 {B41: Sicilian: Kan Variation: 5 c4} (8... d6 9. O-O O-O 10. a3 Bxc3 11. bxc3 Nbd7 12. Qc2 Nc5 13. f3 e5 14. Nf5 Be6 15. Rd1 Bxf5 16. exf5 {0-1 (56) Hou,Y (2658)-Vitiugov,N (2734) Belokurikha 2018}) 9. a3 Bxc3+ 10. Qxc3 ({Don't play} 10. bxc3 Bb7 $11) 10... Nxe4 {[#]} (10... h6 $16 {was called for.}) 11. Nb5 $1 $18 {[%cal Rb5c7][%mdl 512]} axb5 12. Qxg7 Rf8 13. Bh6 {[%csl Gh6][%cal Rg7f8]} Qc5 {[#]} 14. f3 $1 {[#]} Nf2 $146 (14... Nc3 $1 {[%mdl 512]}) ({Predecessor:} 14... b4 15. Qxf8+ Qxf8 16. Bxf8 Kxf8 17. fxe4 {1-0 (31) Zavarce,O (2279)-Ruiz Aguilar,P (2278) San Cristobal 2018}) 15. b4 Qe7 16. Kxf2 bxc4 17. Qxf8+ Qxf8 18. Bxf8 Kxf8 19. Bxc4 Nc6 20. Rhd1 Ke7 21. Bb5 Na7 22. Bd3 Bb7 23. Ke3 ({But not} 23. Bxh7 $6 f5 $18) 23... h6 24. a4 {[%cal Ba3a4,Ba4a5][%mdl 32]} Rg8 25. g3 d5 26. a5 b5 27. Rdc1 {Strongly threatening Rc7+.} Kd6 28. Rc5 Bc6 29. a6 Bd7 30. f4 f6 31. Bf1 Bc6 32. Ra5 Rb8 33. Ra1 $2 (33. Ra3 $18) 33... Kc7 $2 {[%mdl 8192]} (33... Rg8 $1 $11 {and Black is okay.} 34. Be2 Ra8) 34. Bh3 Re8 35. Kd3 Kd6 36. Bf1 Rf8 37. Be2 Rf7 38. Rac1 Rf8 39. Bg4 Bd7 40. Be2 $2 ({Better is} 40. Ke3 $18) 40... Ra8 $2 {[%mdl 8192]} (40... Bc6 $1 $11 41. Ke3 Rg8) 41. Ra1 Rb8 42. Kc3 Rb6 43. Bf3 Bc6 {Black hopes to continue with ...d4+.} 44. Be2 $2 (44. Kd2 $18) 44... e5 $2 {[%mdl 8192]} (44... Bd7 $1 $11 {and Black stays safe.} 45. Bg4 Bc6) 45. fxe5+ fxe5 46. Kb3 d4 47. Bg4 Bd5+ 48. Kb2 Bc4 49. Re1 $2 ({White should try} 49. Bh3 $18) 49... Rxa6 $11 {aiming for ...Nc6.The position is equal.} 50. Rexe5 Nc6 51. Rh5 Ra2+ 52. Kb1 Nxb4 {And now ...Rg2! would win.} 53. Rc8 Bd3+ 54. Kc1 Ra1+ {Accuracy: White = 64%, Black = 48%.} 1/2-1/2

[Event "23rd Hogeschool Zeeland Open 2019"]
[Site "Vlissingen"]
[Date "2019.08.05"]
[Round "4.15"]
[White "Westerweele, Henrik"]
[Black "Klepke, Ricardo"]
[Result "1-0"]
[WhiteElo "1961"]
[BlackElo "2267"]
[Annotator "ChessBase"]
[PlyCount "67"]
[EventDate "2019.08.03"]
[EventType "swiss"]
[EventCountry "NED"]
[SourceTitle "playchess.com"]
[Source "ChessBase"]
[SourceQuality "1"]
[TimeControl "40/5400+30:1800+30"]

1. e4 {[%emt 0:00:00]} c5 {[%emt 0:00:00]} 2. c3 {[%emt 0:00:19]} Nf6 {[%emt 0:00:00]} 3. e5 {[%emt 0:00:19]} Nd5 {[%emt 0:00:00]} 4. d4 {[%emt 0:00:29]} cxd4 {[%emt 0:00:06]} 5. cxd4 {[%emt 0:00:14]} e6 {[%emt 0:00:28]} 6. Nf3 {[%emt 0:02:32]} Nc6 {[%emt 0:00:14]} 7. Nc3 {[%emt 0:01:56]} Nxc3 {[%emt 0:01:03]} 8. bxc3 {[%emt 0:00:12]} d6 {[%emt 0:00:06]} 9. exd6 {[%emt 0:01:13]} Bxd6 {[%emt 0:00:25]} 10. Bd3 {[%emt 0:01:11]} Qc7 {[%emt 0:00:49]} 11. O-O {[%emt 0:03:24]} Bd7 {[%emt 0:03:45]} 12. Qe2 {[%emt 0:09:38]} O-O-O {[%emt 0:04:31]} 13. c4 {[%emt 0:04:53]} Kb8 {[%emt 0:06:22]} 14. Rb1 {[%emt 0:07:11]} Ka8 {[%emt 0:04:00]} 15. Qb2 {[%emt 0:03:02]} Bc8 {[%emt 0:02:06]} 16. Be3 {[%emt 0:08:22]} Bf4 {[%emt 0:03:36]} 17. Be4 {[%emt 0:04:00]} Na5 {[%emt 0:11:11]} 18. Qb4 {[%emt 0:13:48]} Bxe3 {[%emt 0:03:26]} 19. fxe3 {[%emt 0:00:15]} f6 {[%emt 0:02:45]} 20. c5 {[%emt 0:08:32]} Bd7 {[%emt 0:02:32]} 21. Rb2 {[%emt 0:04:11]} Bc6 {[%emt 0:02:14]} 22. Bxc6 {[%emt 0:02:04]} Nxc6 {[%emt 0:00:08]} 23. Qa4 {[%emt 0:03:07]} Rd7 {[%emt 0:03:19]} 24. Nd2 {[%emt 0:03:59]} Qa5 {[%emt 0:03:07]} 25. Qc4 {[%emt 0:05:09]} Qa3 {[%emt 0:01:21]} 26. Rb3 {[%emt 0:06:20]} Qxa2 {[%emt 0:00:33]} 27. Qc3 {[%emt 0:00:07]} Qa5 {[%emt 0:00:19]} 28. Qb2 {[%emt 0:01:25]} Qa6 {[%emt 0:20:49]} 29. Rb5 {[%emt 0:00:49]} Nd8 {[%emt 0:03:10]} 30. Ra1 {[%emt 0:01:46]} Qc6 {[%emt 0:00:14]} 31. Nc4 {[%emt 0:02:08]} Kb8 {[%emt 0:01:11]} 32. Rba5 {[%emt 0:00:56]} Nf7 {[%emt 0:08:23]} 33. Rxa7 {[%emt 0:00:44]} Rhd8 {[%emt 0:01:02]} 34. Qb6 {[%emt 0:01:59]} 1-0

[Event "23rd Hogeschool Zeeland Open 2019"]
[Site "Vlissingen"]
[Date "2019.08.05"]
[Round "4.16"]
[White "Elgersma, Onno"]
[Black "Le Clercq, Maxim"]
[Result "1-0"]
[WhiteElo "2232"]
[BlackElo "1930"]
[Annotator "ChessBase"]
[PlyCount "55"]
[EventDate "2019.08.03"]
[EventType "swiss"]
[EventCountry "NED"]
[SourceTitle "playchess.com"]
[Source "ChessBase"]
[SourceQuality "1"]
[TimeControl "40/5400+30:1800+30"]

1. e4 {[%emt 0:00:00]} e5 {[%emt 0:00:00]} 2. Nf3 {[%emt 0:00:00]} Nc6 {[%emt 0:00:00]} 3. Bb5 {[%emt 0:00:00]} a6 {[%emt 0:00:03]} 4. Ba4 {[%emt 0:00:00]} Nf6 {[%emt 0:00:08]} 5. d3 {[%emt 0:05:58]} d6 {[%emt 0:01:36]} 6. c3 {[%emt 0:02:23]} Be7 {[%emt 0:01:31]} 7. O-O {[%emt 0:00:29]} O-O {[%emt 0:01:09]} 8. Re1 {[%emt 0:01:16]} b5 {[%emt 0:04:11]} 9. Bc2 {[%emt 0:00:18]} Bg4 {[%emt 0:00:19]} 10. Nbd2 {[%emt 0:01:28]} d5 {[%emt 0:09:47]} 11. h3 {[%emt 0:04:14]} Bh5 {[%emt 0:04:26]} 12. Qe2 {[%emt 0:03:59]} Qd7 {[%emt 0:05:37]} 13. Nf1 {[%emt 0:01:37]} d4 {[%emt 0:19:29]} 14. Ng3 {[%emt 0:05:05]} Bxf3 {[%emt 0:05:42]} 15. Qxf3 {[%emt 0:06:00]} dxc3 {[%emt 0:00:11]} 16. bxc3 {[%emt 0:00:22]} b4 {[%emt 0:00:17]} 17. Ba4 {[%emt 0:11:32]} g6 {[%emt 0:03:03]} 18. Bg5 {[%emt 0:07:33]} Qd6 {[%emt 0:03:55]} 19. d4 {[%emt 0:05:36]} exd4 {[%emt 0:09:20]} 20. Bxc6 {[%emt 0:08:49]} Qxc6 {[%emt 0:00:01]} 21. cxd4 {[%emt 0:00:07]} Rfe8 {[%emt 0:06:40]} 22. Rac1 {[%emt 0:02:10]} Qb6 {[%emt 0:00:25]} 23. e5 {[%emt 0:01:18]} Nd5 {[%emt 0:01:34]} 24. Bxe7 {[%emt 0:16:30]} Nxe7 {[%emt 0:00:02]} 25. d5 {[%emt 0:00:34]} Rad8 {[%emt 0:04:28]} 26. Red1 {[%emt 0:01:42]} Qb7 {[%emt 0:10:38]} 27. Ne4 {[%emt 0:02:34]} Rf8 {[%emt 0:00:10]} 28. d6 {[%emt 0:00:45]} 1-0

[Event "23rd Hogeschool Zeeland Open 2019"]
[Site "Vlissingen"]
[Date "2019.08.06"]
[Round "5.1"]
[White "Werle, Jan"]
[Black "Kamsky, Gata"]
[Result "1/2-1/2"]
[WhiteElo "2555"]
[BlackElo "2673"]
[Annotator "ChessBase"]
[PlyCount "36"]
[EventDate "2019.08.03"]
[EventType "swiss"]
[EventCountry "NED"]
[SourceTitle "playchess.com"]
[Source "ChessBase"]
[SourceQuality "1"]
[TimeControl "40/5400+30:1800+30"]

1. d4 {[%emt 0:00:00]} d5 {[%emt 0:00:12]} 2. c4 {[%emt 0:00:00]} c6 {[%emt 0:00:05]} 3. Nf3 {[%emt 0:00:51]} Nf6 {[%emt 0:00:10]} 4. e3 {[%emt 0:00:38]} Bg4 {[%emt 0:00:17]} 5. h3 {[%emt 0:02:33]} Bxf3 {[%emt 0:00:08]} 6. Qxf3 {[%emt 0:00:12]} e6 {[%emt 0:00:07]} 7. Nc3 {[%emt 0:01:25]} Nbd7 {[%emt 0:00:22]} 8. Bd3 {[%emt 0:03:58]} g6 {[%emt 0:00:50]} 9. O-O {[%emt 0:00:44]} Bg7 {[%emt 0:00:04]} 10. cxd5 {[%emt 0:06:28]} Nxd5 {[%emt 0:14:19]} 11. Rd1 {[%emt 0:03:05]} O-O {[%emt 0:00:12]} 12. e4 {[%emt 0:03:54]} N5b6 {[%emt 0:04:58]} 13. Bf1 {[%emt 0:02:10]} Qe7 {[%emt 0:01:27]} 14. a4 {[%emt 0:04:10]} a5 {[%emt 0:00:26]} 15. b3 {[%emt 0:02:00]} Rfd8 {[%emt 0:02:52]} 16. Ba3 {[%emt 0:03:35]} Qf6 {[%emt 0:00:18]} 17. Qg3 {[%emt 0:02:10]} e5 {[%emt 0:00:15]} 18. d5 {[%emt 0:03:41]} Bf8 {[%emt 0:00:19]} 1/2-1/2

[Event "23rd Hogeschool Zeeland Open 2019"]
[Site "Vlissingen"]
[Date "2019.08.06"]
[Round "5.2"]
[White "Zwirs, Nico"]
[Black "Van Wely, Loek"]
[Result "0-1"]
[WhiteElo "2380"]
[BlackElo "2616"]
[Annotator "TA"]
[PlyCount "110"]
[EventDate "2019.08.03"]
[EventType "swiss"]
[EventCountry "NED"]
[SourceTitle "playchess.com"]
[Source "ChessBase"]
[SourceQuality "1"]

{[%evp 12,109,17,27,28,25,25,11,12,4,6,0,10,2,26,20,42,19,18,0,3,-33,-7,-8,-8,0,0,-38,-43,-29,-40,-249,-247,-274,-263,-270,-271,-249,-213,-293,-290,-323,-288,-295,-289,-299,-296,-292,-283,-373,-372,-401,-396,-403,-409,-423,-412,-633,-631,-605,-593,-800,-777,-1455,-1318,-29989,-672,-670,-657,-649,-649,-2384,-2354,-2373,-1463,-1383,-1358,-2083,-1989,-2138,-1851,-1692,-1514,-29988,-29989,-29991,-29990,-29992,-29993,-29993,-29994,-29994,-29991,-29995,-29996,-29996,-29997,-29997,-29998,-29999]} 1. e4 c5 2. Nf3 d6 3. d4 cxd4 4. Nxd4 Nf6 5. Nc3 a6 6. Be3 e6 7. Qf3 Nc6 {B80: Sicilian Scheveningen: 6 g3 and 6 Be3, including English Attack} 8. O-O-O Bd7 9. Nxc6 Bxc6 {The position is equal.} 10. g4 b5 $146 {White should prevent ...b4.} ({Predecessor:} 10... Qa5 11. g5 Nd7 12. Qh3 g6 13. Bd4 Qxg5+ 14. Kb1 Ne5 15. Be2 {½-½ (74) Nisipeanu,L (2686)-Sokolov,A (2583) Athens 2004}) 11. g5 Nd7 $1 12. Kb1 Be7 13. h4 O-O 14. Qg2 Qc7 $1 15. Bd3 Nc5 16. h5 f5 17. gxf6 Bxf6 18. Ne2 Rac8 19. Bd4 Nxd3 20. Rxd3 e5 $36 {[%mdl 2048] Black has the initiative.} 21. Bc3 $2 {[#]} (21. Be3 $1 $15) 21... b4 $1 $19 {[%mdl 512]} 22. Bd2 (22. Bxb4 Qb7) 22... Bb5 {[%mdl 64] Discovered Attack} 23. Rc1 Bxd3 24. cxd3 Qd7 25. Rg1 a5 {[%cal Ba6a5,Ba5a4][%mdl 32]} 26. Be3 Rf7 27. Ng3 a4 28. Nf5 Kh8 29. Qg4 {and if Nxd6! works, White does fine.} Rb8 30. Rc1 b3 31. a3 Rc8 32. Rg1 {intending Nxd6!} Rc2 33. Nh6 Re7 34. Nf5 {[#]} (34. Qxd7 $142 Rxd7 35. Ng4) 34... Qc6 $1 {[%mdl 512] ( -> ...Rxb2+!)} 35. Qd1 Rc7 36. Bd2 d5 37. f3 Qb5 38. Qe2 d4 (38... Qc5 $142 39. Be3 d4 40. Nd6 Rxe2 41. Nc4 dxe3 42. Rc1 Qd4 43. h6 gxh6 44. Rg1 Rxc4 45. Rg8+ Kxg8 46. dxc4 Qxb2#) 39. Nd6 Qd7 40. Nc4 h6 41. f4 {[#]} R7xc4 $1 {[%mdl 512]} 42. dxc4 exf4 43. Qd3 Be5 44. Bc1 Qf7 45. c5 f3 46. Rf1 f2 47. Qb5 Qxh5 {Black mates.} 48. Qxa4 d3 49. Qd7 d2 {[%mdl 64] Deflection} 50. Bxd2 Rxb2+ 51. Kc1 Rc2+ 52. Kb1 Ra2 {[%csl Ge5][%cal Ra2a1]} 53. Qc8+ {[#]} Kh7 $1 {[%csl Ge5][%cal Ra2a1]} 54. Qf5+ Qxf5 55. exf5 Ra1# {Accuracy: White = 29%, Black = 83%.} 0-1